| 000 | 00525ntaaa2200193 4500 | ||
|---|---|---|---|
| 003 | 01 | ||
| 005 | 20251027202039.0 | ||
| 008 | 0714s1973 ag 01 | ||
| 040 |
_aAR-BaBN _bspa _cAR-BaBN _eaacr _dRIC |
||
| 082 | _a251.0000 W58 | ||
| 100 |
_aWhitesell, Faris Daniel _911690 |
||
| 245 | _aThe> art of biblical preaching | ||
| 250 | _a1 ed. | ||
| 260 |
_aGrand Rapids : _bZondervan Publishing House, _cc1950 |
||
| 300 | _a160 p | ||
| 500 | _aA book on the homiletics of preaching | ||
| 650 |
_ahomilética _91351 |
||
| 942 | _cBK | ||
| 999 |
_c15279 _d15279 |
||